| 000 | 01486na a2200409 4500 | ||
|---|---|---|---|
| 001 | 17713 | ||
| 003 | MIRAKIL | ||
| 005 | 20181213155243.0 | ||
| 008 | 161103b tu 000 0 | ||
| 035 | _a17713 | ||
| 040 |
_aMilas _btur _cTR-AnCHP |
||
| 041 | _atur | ||
| 082 |
_aCHP 324.2372 _bC36y 2001 |
||
| 090 | _aCHP 324.2372 C36y 2001 | ||
| 111 |
_aCHP Olağan Kurultay _cAnkara _d30 Haziran-1 Temmuz 2001 _n29. |
||
| 222 | _a29. Olağan Kurultay Parti Meclisi çalışma raporu | ||
| 245 |
_aCumhuriyet Halk Partisi 29. Olağan Kurultayı _b(30 Haziran-1 Temmuz 2001, Ankara) _bParti Meclisi çalışma raporu _cCumhuriyet Halk Partisi |
||
| 246 | _a29. Olağan Kurultay Parti Meclisi çalışma raporu | ||
| 246 | _aCHP 29. Olağan Kurultayı | ||
| 246 | _aOlağan Kurultay | ||
| 246 | _a29. Olağan Kurultay | ||
| 246 | _aParti Meclisi çalışma raporu | ||
| 260 |
_aAnkara _bCHP _c[1998] |
||
| 300 |
_a271 s. _bgrf. _c29 sm. |
||
| 490 | _aCumhuriyet Halk Partisi yayınları | ||
| 610 | _aCumhuriyet Halk Partisi | ||
| 610 |
_aCumhuriyet Halk Partisi _xÇalışma raporları |
||
| 610 |
_aCumhuriyet Halk Partisi _xKurultaylar _y2001 |
||
| 651 |
_aTürkiye _xSiyaset ve yönetim _y2001- |
||
| 657 | _aCHP Olağan Kurultayları | ||
| 740 | _a29. Olağan Kurultay Parti Meclisi çalışma raporu | ||
| 740 | _aCHP 29. Olağan Kurultayı | ||
| 740 | _a29. Olağan Kurultayı | ||
| 740 | _aOlağan Kurultay | ||
| 830 | _aCHP yayınları | ||
| 942 |
_2ddc _cBKS |
||
| 999 |
_c9330 _d9330 |
||